1754 1767 1593 1233 1590 1981 1209 1276 1718 1533 1403 1382 1235 1780 1622 1646 1913 1816 1388 1486 1941 1013 1262 1474 1666 1303 1996 1051 1873 1364 1092 1871 1423 1511 1736 1789 1463 1826 1091 1706 1307 1826 1694 1533 1710 1061 1907 1808 1620 1140 1315 1031 1731 1504 1157 1580 1219 1767 1284 1479 1196 1797 1474 1432 1923 1449 1501 1015 1337 1054 1731 1960 1040 1863 1026 1318 1883 1325 1718 1450 1329 1878 1378 1061 1414 1211 1750 1094 1898 1113 1298 1146 1546 1537 1228 1905 1886 1387 1676 BCNSPRNW ULIB Ver.6.0+V

เปลี่ยนเป็นภาษาไทย

Change to English
 แสดงรายละเอียดบรรณานุกรม
  กลับหน้าหลัก

Brief Record : Get Marc (ISO 2709) : E-mail record : QR code < ปิดหน้าต่าง
LEADER : 00000nam 2200000uu 4500
001    13399113608
003     ULIB
008    111201s2550||||th 000 0 tha d
020    ^a9789747503739
090    ^aนว.^bล711ร 2550
100 0  ^aลูกชุบ
245 00 ^aรักดีมั้ยเผลอใจให้ซะแล้ว/^cลูกชุบ
250    ^aพิมพ์ครั้งที่ 1
260    ^aกรุงเทพฯ :^bแจ่มใส,^c2550
300    ^a178 หน้า
710 1  ^aแจ่มใส
945    ^p139^l0^i14044
995    ^aทศพร
999    ^aใช้งานได้ทุกระบบ
รายการนี้ยังไม่มีแท็ก
คุณยังไม่ได้ล็อกอิน คุณสามารถมีกิจกรรมร่วมกับเว็บไซต์ได้ แต่ต้องล็อกอินก่อน ::
  ล็อกอิน

รายการสื่อสารสนเทศ

ลำดับที่ ประเภท เลขเรียก/บาร์โค้ด สถานที่ สถานะ
1. นวนิยาย
นวนิยาย
นว. ล711ร 2550 ฉ.1 
  Barcode: 14044
ห้องสมุดวิทยาเขตสวรรค์ประชารักษ์
►นวนิยาย
บนชั้น
  ขอยืม

รายการใกล้เคียง
    ผู้แต่ง [ลูกชุบ]

BibComment


ยังไม่เคยถูกคอมเมนท์

คอมเมนท์ทรัพยากรรายการนี้
  คอมเมนท์: รักดีมั้ยเผลอใจใ..


 Copyright 2026. Bcnsprnw @Library